Basil Rathbone Sherlock Holmes Movies - Statistics

General Stats
  • This quiz has been taken 12 times
  • The average score is 5 of 14
Answer Stats
Picture Answer % Correct
The Hound of the Baskervilles
100%
Sherlock Holmes in Washington
67%
The Woman in Green
67%
Dressed to Kill
33%
Pursuit to Algiers
33%
Sherlock Holmes and the Secret Weapon
33%
Sherlock Holmes and the Voice of Terror
33%
Sherlock Holmes Faces Death
33%
Terror by Night
33%
The Adventures of Sherlock Holmes
33%
The Scarlet Claw
33%
The Spider Woman
33%
The House of Fear
0%
The Pearl of Death
0%
No matching quizzes found
Score Distribution
Percent of People with Each Score
Percentile by Number Answered
Your Score History
You have not taken this quiz